00577cam a22002051 450000100060000000300080000600500170001400800390003103500190007003500190008904000380010804100080014608200130015410000310016724500610019826000300025930000370028965000150032665000300034121518BD-RjUL20211209000709.0140304s1962 enka 001 0 eng a(BD-RjUL)21582 a(OCoLC)3599875 aDLCcNSufRdUkdDLCdBD-RjULbeng aeng a910bCRE1 aCrone, G. R.q(Gerald Roe)14aThe explorers :ban anthology of discovery /cG.R. Crone aLondon :bCasell,cc1962. axvii, 361 p. :billus. ;c22 cm. 0aExplorers. 0aDiscoveries in geography.